Hematológia a transfúzia krvi : učebný text pre stredné zdravotnícke školy, odbor zdravotných laborantov. 2., Transfúzia krvi /

Další autoři: Hrubiško, Mikuláš, 1917-2005, Hule, Vilém, 1916-1981
Jazyk: Slovenština
Vydáno: Bratislava : Obzor, 1966
Vydání: 2. preprac. vyd.
Fyzický popis: 232 s.
Knihy
Uloženo v:
LEADER 00821nam a22002292a 4500
001 000249415
003 CZ BrMZK
005 20131017094528.0
007 ta
008 950101s1966 xo f slo d
040 |a BOA001  |b cze 
245 0 0 |a Hematológia a transfúzia krvi :  |b učebný text pre stredné zdravotnícke školy, odbor zdravotných laborantov.  |n 2.,  |p Transfúzia krvi /  |c Mikuláš Hrubiško, Vilém Hule 
246 3 0 |a Transfúzia krvi 
250 |a 2. preprac. vyd. 
260 |a Bratislava :  |b Obzor,  |c 1966 
300 |a 232 s. 
700 1 |a Hrubiško, Mikuláš,  |d 1917-2005  |7 nlk20000089629  |4 edt 
700 1 |a Hule, Vilém,  |d 1916-1981  |7 nlk20000089668  |4 edt 
910 |a BOA001  |b 2-0572.528,2 
990 |a BK 
991 |b 201310 
996 7 |b 2619723428  |c 2-0572.528,2  |l HP2  |r DEN  |n 1  |w 000249415  |u 000010  |a 1  |e BOA001  |j MZK50  |s A